000 00841nam a2200253Ia 4500
003 OSt
005 20221005112252.0
006 a|||||r|||| 00| 0
007 ta
008 221004b |||||||| |||| 00| 0 pan d
020 _a8185544611 (hbk)
_c350
024 _a12365
037 _b830, 15/03/2014, H.K. Prakashan
_cTextual
040 _aCRL
_cCRL
_bpan
041 _2pan
_apan
082 _aO153,4NMAx, P3
100 _aਮਾਨ, ਤੇਜਵੰਤ
245 0 _aਡਾਕ॥ਾਨਾ ॥ਾਸ
260 _aਅੰਮ੍ਰਿਤਸਰ
_bਲਿਟਰੇਚਰ ਹਾਊਸ ਭਾਰਤ
_c2003
300 _a334ਪੰ
_ccm.
650 _aਪੰਜਾਬੀ ਸਾਹਿਤ
942 _hO153,4NMAx, P3
_cTEXL
_2cc
999 _c1024373
_d1024373